00752nam a2200241 a 4500001001300000003000900013005001700022008004100039020002400080082001600104100002400120245004300144260003800187300000900225500003500234505002400269650002500293700002400318902000800342942000700350952013600357999001700493nice12345678IN_TiNIC20260116014943.0050524s1999 oxfa grp 000 0 eng  a0631429 9 c144500a201.65bMCG aMc Grath, Alister E aScience and Religionb an Introduction aOxfordbBlackwell Pub. Ltd c1999 a250p aincludes index and biblioraphy2 aBibliography, Index aReligion and Science1 aMc Grath, Alister E bSRS cBK 001040708StackRoom-aHMIbHMId2011-04-06g1445.00l8m2o201.65 MCGp11001643r2019-09-13s2019-09-06v1445.00w2005-05-24yBK c17702d17702